Southville International School and Colleges
Your cart is empty.
  • Cart
  • Lists
    Public lists Eva Luna New books Lux_list list_1
    Your lists Log in to create your own lists
  • Log in to your account
  • Your cookies
  • Search history
Southville International School and Colleges
  • Advanced search
  • Recent comments
  • Most popular
  • Libraries

Log in to your account

Log in with GOOGLE


If you do not have an external account, but do have a local account, you can still log in:

  1. Home
  2. MARC view: Tale of the flopsy (The) /
Normal view MARC view ISBD view

Tale of the flopsy (The) / (Record no. 112102)

[ view plain ]
MARC details
000 -LEADER
fixed length control field 00473nam a2200181 a 4500
001 - CONTROL NUMBER
control field 1154
005 - DATE AND TIME OF LATEST TRANSACTION
control field 20140414131927.0
008 - FIXED-LENGTH DATA ELEMENTS--GENERAL INFORMATION
fixed length control field 040111s19uu xx 00 eng d
020 ## - INTERNATIONAL STANDARD BOOK NUMBER
International Standard Book Number 0-7232-3469-8
050 ## - LIBRARY OF CONGRESS CALL NUMBER
Classification number ER
Item number T14 1987
100 ## - MAIN ENTRY--PERSONAL NAME
Personal name Potter, Beatrix
245 ## - TITLE STATEMENT
Title Tale of the flopsy (The) /
Statement of responsibility, etc Beatrix Potter.
260 ## - PUBLICATION, DISTRIBUTION, ETC. (IMPRINT)
Place of publication, distribution, etc London :
Name of publisher, distributor, etc Penguin Book,
Date of publication, distribution, etc 1987.
300 ## - PHYSICAL DESCRIPTION
Extent 59 p. ; cm.
650 ## - SUBJECT ADDED ENTRY--TOPICAL TERM
Topical term or geographic name as entry element Bunnies
General subdivision Fiction.
650 ## - SUBJECT ADDED ENTRY--TOPICAL TERM
Topical term or geographic name as entry element Children stories.
Holdings
Withdrawn status Lost status Damaged status Use restrictions Home library Current library Shelving location Date acquired Source of acquisition Total Checkouts Full call number Barcode Date last seen Price effective from Koha item type
        Munich Library Munich Library Easy Reading Section 01/11/2004     ER T14 1987 M3145 04/14/2014 04/14/2014 Books

Tale of the flopsy (The) /

APA

Potter B., . (1987). Tale of the flopsy (The). London: Penguin Book.

Chicago

Potter Beatrix, . 1987. Tale of the flopsy (The). London: Penguin Book.

Harvard

Potter B., . (1987). Tale of the flopsy (The). London: Penguin Book.

MLA

Potter Beatrix, . Tale of the flopsy (The). London: Penguin Book. 1987.

  • Place hold
  • Print
  • Cite
  • Add to your cart (remove)
  • Save record
    BIBTEX Dublin Core MARCXML MARC (non-Unicode/MARC-8) MARC (Unicode/UTF-8) MARC (Unicode/UTF-8, Standard) MODS (XML) RIS
  • More searches
    Search for this title in:
    Other Libraries (WorldCat) Other Databases (Google Scholar) Online Stores (Bookfinder.com) Open Library (openlibrary.org)

Exporting to Dublin Core...

SOUTHVILLE LIBRARY

Southville International School and Colleges Library

1281 Tropical Ave. Cor. Luxembourg St., BF Homes International, Las Pinas City

Tel. No. 8256374 / 252358 Loc. 117/146

Powered by Koha